| 000 | 01002nam0a22002531 4500 | ||
|---|---|---|---|
| 001 | rc\732754 | ||
| 005 | 20040301141745.8 | ||
| 035 | _a(NLR Aleph) 006263131 | ||
| 090 |
_a6870040 _c6870040 |
||
| 100 | _a20040301d1985 u |0rusy50 ca | ||
| 101 | 0 | _arus | |
| 102 | _aRU | ||
| 105 | _aa ||||||||| | ||
| 200 | 1 |
_aПОВЫШЕНИЕ извлечения и качества руды при разработке калийных месторождений _eСб. науч. тр. _fВсесоюз. н.-и. и проект. ин-т галургии (ВНИИГ) _gПод ред. к. т. н. В.Л. Пинского |
|
| 210 |
_aЛ. _cВНИИГ _d1985 |
||
| 215 |
_a97 с. _cил. _d20 |
||
| 320 | _aБиблиогр. в конце ст. | ||
| 702 | 1 |
_aПинский _bВ. Л. _gВадим Львович _4340 |
|
| 712 | 0 | 2 |
_aВНИИ галургии _cЛенинград _3RU\NLR\AUTH\8813780 |
| 801 | 0 |
_aRU _bNLR _gpsbo |
|
| 801 | 1 |
_aRU _bELAR _2rusmarc |
|
| 852 |
_aNLR _j87-4/20464 |
||
| 942 | _cBOOK | ||
| 980 | _aNB | ||